Vyhláška MZSV SR č. 151/1988 Zb. a doplňujúce predpisy o sociálnom zabezpečení. 3.
Vyhláška MZSV SR č. 151/1988 Zb., ktorou sa vykonáva zákon o sociálnom zabezpečení a zákon SNR o pôsobnosti orgánov v sociálnom zabezpečení, úplné znenie ako vyplýva zo znenia z vyhlášok MZSV Slovenskej republiky.
Salvato in:
| Natura: | Capitolo di libro |
|---|---|
| Lingua: | slovacco |
| Soggetti: | |
| Tags: |
Nessun Tag, puoi essere il primo ad aggiungerne!!
|
MARC
| LEADER | 00000naa a2200000 4500 | ||
|---|---|---|---|
| 001 | r010544 | ||
| 005 | 20220831085647.0 | ||
| 041 | 0 | |a slo | |
| 044 | |a [CS] | ||
| 245 | 1 | 0 | |a Vyhláška MZSV SR č. 151/1988 Zb. a doplňujúce predpisy o sociálnom zabezpečení. 3. |
| 520 | |a Vyhláška MZSV SR č. 151/1988 Zb., ktorou sa vykonáva zákon o sociálnom zabezpečení a zákon SNR o pôsobnosti orgánov v sociálnom zabezpečení, úplné znenie ako vyplýva zo znenia z vyhlášok MZSV Slovenskej republiky. | ||
| 610 | 2 | 0 | |a zabezpečenie sociálne |
| 610 | 2 | 0 | |a starostlivosť sociálna |
| 610 | 2 | 0 | |a vyhlášky |
| 610 | 2 | 0 | |a predpisy právne |
| 610 | 2 | 0 | |a zákony |
| 610 | 2 | 0 | |a Slovensko |
| 610 | 2 | 0 | |a 1988-1990 |